| 000 | 00970nam a2200265Ia 4500 | ||
|---|---|---|---|
| 003 | OSt | ||
| 005 | 20221002044137.0 | ||
| 006 | a|||||r|||| 00| 0 | ||
| 007 | ta | ||
| 008 | 220930b |||||||| |||| 00| 0 hin d | ||
| 020 |
_a8175871156 (hbk) _c820 |
||
| 024 | _a5290 | ||
| 037 |
_b6070, 25/03/2013, Educational Publishing House _cReference Collections |
||
| 040 |
_aCRL _cCRL _bhin |
||
| 041 |
_2hin _ahin |
||
| 082 | _aP152:4k, 168P5.1(RR) | ||
| 100 | _aखॉं, नसीर अहमद | ||
| 245 | 0 | _aहिन्दी उर्दू शब्दकोश | |
| 260 |
_aनई _bदिल्ली क़ौमी काउन्सिल -ए - - _c2005 |
||
| 300 |
_a1575पृ0 _ccm. |
||
| 490 | _vभाग 1 | ||
| 650 | _aहिन्दी भाषा | ||
| 942 |
_hP152:4k, 168P5.1(RR) _cref _2CC |
||
| 999 |
_c909691 _d909691 |
||